Les 100 pays les plus peuplés du monde - Statistiques

Statistiques générales
  • Ce quiz a été pris 2 307 fois
    2 223 depuis la dernière actualisation
  • Le résultat moyen est 63 sur 100
Statistiques - réponses
Nombre d'habitants Pays % Correct
1 1 395 000 000 habitants Chine
99%
21 68 000 000 habitants France
97%
2 1 327 000 000 habitants Inde
97%
3 329 000 000 habitants États-Unis
96%
9 147 000 000 habitants Russie
96%
7 212 000 000 habitants Brésil
93%
32 44 000 000 habitants Algérie
91%
19 83 250 000 habitants Allemagne
91%
30 47 000 000 habitants Espagne
91%
11 126 000 000 habitants Japon
91%
38 38 100 000 habitants Canada
90%
40 36 500 000 habitants Maroc
89%
10 129 000 000 habitants Mexique
89%
31 45 750 000 habitants Argentine
86%
23 60 500 000 habitants Italie
86%
22 66 000 000 habitants Royaume-Uni
85%
24 59 000 000 habitants Afrique du Sud
84%
54 25 750 000 habitants Australie
84%
14 105 000 000 habitants Égypte
83%
4 268 000 000 habitants Indonésie
83%
5 234 000 000 habitants Pakistan
83%
58 22 800 000 habitants Niger
82%
18 83 500 000 habitants Turquie
81%
27 52 000 000 habitants Corée du Sud
80%
90 10 320 000 habitants Portugal
79%
6 215 000 000 habitants Nigéria
78%
37 38 400 000 habitants Pologne
77%
34 42 250 000 habitants Ukraine
77%
17 85 000 000 habitants Iran
75%
65 18 200 000 habitants Chili
74%
28 49 250 000 habitants Colombie
74%
89 10 340 000 habitants Suède
74%
41 34 250 000 habitants Arabie saoudite
73%
20 69 500 000 habitants Thaïlande
72%
79 11 750 000 habitants Tunisie
72%
81 11 600 000 habitants Belgique
71%
55 25 450 000 habitants Corée du Nord
71%
36 39 000 000 habitants Irak
71%
87 10 630 000 habitants Grèce
70%
72 16 250 000 habitants Sénégal
70%
16 99 000 000 habitants Viêtnam
70%
8 163 000 000 habitants Bangladesh
69%
44 32 000 000 habitants Pérou
69%
59 21 350 000 habitants Roumanie
66%
64 19 100 000 habitants Kazakhstan
65%
62 19 600 000 habitants Mali
65%
67 17 300 000 habitants Pays-Bas
65%
13 109 000 000 habitants Éthiopie
64%
48 28 500 000 habitants Venezuela
64%
39 36 750 000 habitants Afghanistan
63%
99 8 880 000 habitants Autriche
63%
33 43 250 000 habitants Soudan
62%
12 110 000 000 habitants Philippines
61%
50 27 800 000 habitants Cameroun
59%
93 9 800 000 habitants Hongrie
59%
80 11 700 000 habitants Bolivie
58%
53 26 450 000 habitants Côte d'Ivoire
57%
63 19 450 000 habitants Syrie
57%
73 15 800 000 habitants Somalie
56%
94 9 500 000 habitants Biélorussie
55%
95 9 230 000 habitants Israël
55%
29 47 750 000 habitants Kenya
55%
25 58 750 000 habitants Tanzanie
55%
42 32 750 000 habitants Malaisie
54%
43 32 650 000 habitants Angola
53%
69 17 000 000 habitants Équateur
53%
49 28 100 000 habitants Yémen
53%
70 16 250 000 habitants Cambodge
52%
45 30 750 000 habitants Ouzbékistan
52%
82 11 200 000 habitants Cuba
51%
15 102 000 000 habitants RDC
51%
52 27 000 000 habitants Madagascar
50%
71 16 900 000 habitants Tchad
50%
77 12 550 000 habitants Guinée
49%
46 30 500 000 habitants Népal
49%
92 10 020 000 habitants Émirats arabes unis
47%
26 56 750 000 habitants Myanmar
47%
66 18 000 000 habitants Zambie
47%
74 14 570 000 habitants Zimbabwe
47%
47 29 500 000 habitants Ghana
46%
85 10 675 000 habitants Tchéquie
46%
86 10 650 000 habitants Soudan du Sud
45%
51 27 350 000 habitants Mozambique
44%
84 10 840 000 habitants Jordanie
42%
56 23 650 000 habitants Taïwan
42%
35 41 750 000 habitants Ouganda
40%
57 22 950 000 habitants Sri Lanka
40%
100 8 700 000 habitants Togo
40%
61 20 900 000 habitants Burkina Faso
38%
68 17 180 000 habitants Guatemala
38%
91 10 225 000 habitants Azerbaïdjan
37%
98 8 900 000 habitants Tadjikistan
37%
75 12 890 000 habitants Bénin
36%
83 11 080 000 habitants Haïti
36%
96 9 200 000 habitants Honduras
36%
76 12 730 000 habitants Rwanda
33%
88 10 520 000 habitants République dominicaine
30%
60 21 200 000 habitants Malawi
29%
97 8 920 000 habitants Papouasie-Nouvelle-Guinée
29%
78 11 880 000 habitants Burundi
27%
Aucun quiz correspondant
Distribution des résultats
% des personnes avec chaque résultat
Percentile par nombre de réponses
Votre historique - résultats
Vous n’avez pas pris ce quiz depuis la dernière actualisation